[Event "Giraldilla de La Habana op"]
[Site "Havana"]
[Date "2018.07.31"]
[Round "6"]
[White "Garcia Carnesoltas, Wendysleidys"]
[Black "Novo Castellon, Jonathan"]
[Result "0-1"]
[WhiteElo "1583"]
[BlackElo "1773"]
[PlyCount "74"]
[EventDate "2018.07.28"]
[EventType "swiss"]
[EventRounds "9"]
[EventCountry "CUB"]
[SourceTitle "EXT 2021"]
[Source "ChessBase"]
[SourceDate "2020.10.23"]
[SourceVersion "1"]
[SourceVersionDate "2020.10.23"]
[SourceQuality "1"]

1. e4 e5 2. Nf3 Nc6 3. d4 exd4 4. Nxd4 Bc5 5. Be3 Qf6 6. c3 Nge7 7. Qd2 h6 8. Nb5 Bxe3 9. Qxe3 0-0 10. Nxc7 Rb8 11. Be2 a6 12. Qg3 d6 13. 0-0 Ne5 14. Nd2 b5 15. f4 Nd7 16. Bd3 Bb7 17. Rae1 Rfc8 18. Nd5 Nxd5 19. exd5 Bxd5 20. a3 Nc5 21. Bc2 Re8 22. b4 Rxe1 23. Rxe1 Nd7 24. Qd3 Be6 25. Ne4 Qg6 26. Qxd6 Bf5 27. Qd2 Qb6+ 28. Kh1 Bxe4 29. Bxe4 Nf6 30. Bf3 Rd8 31. Qc2 Qc7 32. g3 Rc8 33. Re3 Qc4 34. Rd3 g6 35. Kg2 Kg7 36. Bb7 Rc7 37. Bxa6 Qc6+ 0-1

[Event "Giraldilla de La Habana op"]
[Site "Havana"]
[Date "2018.07.28"]
[Round "2"]
[White "Garcia Carnesoltas, Wendysleidys"]
[Black "Tomasen Bernal, Lucnel"]
[Result "1-0"]
[WhiteElo "1583"]
[BlackElo "1823"]
[PlyCount "23"]
[EventDate "2018.07.28"]
[EventType "swiss"]
[EventRounds "9"]
[EventCountry "CUB"]
[SourceTitle "EXT 2021"]
[Source "ChessBase"]
[SourceDate "2020.10.23"]
[SourceVersion "1"]
[SourceVersionDate "2020.10.23"]
[SourceQuality "1"]

1. e4 e5 2. Nf3 Nc6 3. d4 exd4 4. Nxd4 Nf6 5. Nc3 Bb4 6. Nxc6 bxc6 7. Bd3 d5 8. exd5 cxd5 9. Bd2 0-0 10. 0-0 Bd6 11. Bg5 Bxh2+ 12. Kxh2 1-0

[Event "Descubriendo un Capablanca tt"]
[Site "Havana"]
[Date "2018.??.??"]
[Round "9.2"]
[White "Garcia Carnesoltas, Wendysleidys"]
[Black "Osorio Martinez, Robin"]
[Result "1-0"]
[WhiteElo "1583"]
[BlackElo "1645"]
[PlyCount "23"]
[EventDate "2018.07.02"]
[EventType "team-tourn"]
[EventRounds "10"]
[EventCountry "CUB"]
[SourceTitle "EXT 2021"]
[Source "ChessBase"]
[SourceDate "2020.10.23"]
[SourceVersion "1"]
[SourceVersionDate "2020.10.23"]
[SourceQuality "1"]

1. e4 c5 2. Nf3 d6 3. c3 Nf6 4. Qc2 Nc6 5. d4 cxd4 6. cxd4 Qb6 7. Be3 Nxe4 8. d5 Qb4+ 9. Nc3 Nxc3 10. bxc3 Qa5 11. dxc6 bxc6 12. Bd3 1-0

[Event "Maria Teresa Mora Memorial op"]
[Site "Havana"]
[Date "2018.??.??"]
[Round "3"]
[White "Garcia Carnesoltas, Wendysleidys"]
[Black "Perez Marin, Olivia"]
[Result "0-1"]
[WhiteElo "1664"]
[BlackElo "1831"]
[PlyCount "78"]
[EventDate "2018.03.08"]
[EventType "swiss"]
[EventRounds "9"]
[EventCountry "CUB"]
[SourceTitle "EXT 2021"]
[Source "ChessBase"]
[SourceDate "2020.10.23"]
[SourceVersion "1"]
[SourceVersionDate "2020.10.23"]
[SourceQuality "1"]

1. e4 e6 2. d4 d5 3. exd5 exd5 4. Nf3 Bd6 5. Bd3 Nc6 6. c3 Nge7 7. 0-0 Bg4 8. Nbd2 Qd7 9. Qc2 f6 10. b3 0-0-0 11. c4 Nb4 12. Qc3 Nxd3 13. Qxd3 Ng6 14. c5 Nf4 15. Qc2 Be7 16. b4 Bh3 17. g3 Ne2+ 18. Kh1 Bxf1 19. Nxf1 Nxc1 20. Rxc1 Qg4 21. Kg2 f5 22. c6 Bd6 23. Ne3 Qe4 24. cxb7+ Kb8 25. Nxf5 Qxc2 26. Rxc2 g6 27. Nh6 Rhf8 28. Ng5 Rd7 29. Ng4 Rf5 30. h4 Kxb7 31. Ne3 Rf8 32. Nxd5 c6 33. Ne3 Re8 34. a3 a5 35. d5 cxd5 36. Nxd5 Rf8 37. Ne6 Rf5 38. Nc5+ Bxc5 39. Rxc5 Rdxd5 0-1

[Event "Descubriendo un Capablanca tt"]
[Site "Havana"]
[Date "2018.??.??"]
[Round "8.3"]
[White "Reyes Oquendo, Samuel Moises"]
[Black "Garcia Carnesoltas, Wendysleidys"]
[Result "1-0"]
[WhiteElo "1674"]
[BlackElo "1583"]
[PlyCount "45"]
[EventDate "2018.07.02"]
[EventType "team-tourn"]
[EventRounds "10"]
[EventCountry "CUB"]
[SourceTitle "EXT 2021"]
[Source "ChessBase"]
[SourceDate "2020.10.23"]
[SourceVersion "1"]
[SourceVersionDate "2020.10.23"]
[SourceQuality "1"]

1. e4 e5 2. Nf3 Nc6 3. Nc3 Bc5 4. Bb5 Nge7 5. 0-0 a6 6. Bc4 0-0 7. Re1 b5 8. Bb3 d6 9. Nd5 Bg4 10. c3 Ng6 11. h3 Be6 12. d4 exd4 13. cxd4 Bb4 14. Bd2 Bxd2 15. Qxd2 Nce7 16. Nxe7+ Qxe7 17. d5 Bd7 18. Rac1 Rac8 19. Nd4 Qe5 20. Nf3 Qh5 21. Rc3 c6 22. dxc6 Bxc6 23. Qxd6 1-0